Р.В. Иванов-Разумник. Свой путь в иллюзионе самосознания. Кн. 1 (Запись № 12240896)

Подробности
000 -МАРКЕР
контрольное поле 01495nam2a2200301 4500
001 - ИДЕНТИФИКАТОР ЗАПИСИ
контрольное поле RU\NLR\BIBL_A\012170866
005 - ИДЕНТИФИКАТОР ВЕРСИИ
контрольное поле 20200623161931.0
010 ## - МЕЖДУНАРОДНЫЙ СТАНДАРТНЫЙ НОМЕР КНИГИ (ISBN)
Номер (ISBN) 978-5-0050-6825-5
021 ## - НОМЕР ГОСУДАРСТВЕННОЙ РЕГИСТРАЦИИ
Код страны Российская Федерация
Номер КН-П-19-089351
Номер Листа государственной регистраци КН-П-19-6526
035 ## - ДРУГИЕ СИСТЕМНЫЕ НОМЕРА
Идентификатор записи (NLR Aleph) 012170866
035 ## - ДРУГИЕ СИСТЕМНЫЕ НОМЕРА
Идентификатор записи (RuMoRGB)010164459
100 ## - ДАННЫЕ ОБЩЕЙ ОБРАБОТКИ
Данные общей обработки 20191224d2019 u y0rusy50 ca
101 0# - ЯЗЫК РЕСУРСА
Язык текста, звукозаписи и т.д. русский
102 ## - СТРАНА ПУБЛИКАЦИИ ИЛИ ПРОИЗВОДСТВА
Страна публикации Российская Федерация
105 ## - ПОЛЕ КОДИРОВАННЫХ ДАННЫХ: ТЕКСТОВЫЕ МАТЕРИАЛЫ, МОНОГРАФИЧЕСКИЕ
Кодированные данные о монографическом текстовом документе y z 000zy
200 0# - ЗАГЛАВИЕ И СВЕДЕНИЯ ОБ ОТВЕТСТВЕННОСТИ
Основное заглавие Кн. 1
210 ## - ПУБЛИКАЦИЯ, РАСПРОСТРАНЕНИЕ И ДР.
Дата издания, распространения и т.д. 2019
215 ## - ФИЗИЧЕСКАЯ ХАРАКТЕРИСТИКА
Специфическое обозначение материала и объем 192, [1] с.
300 ## - ОБЩИЕ ПРИМЕЧАНИЯ
Текст примечания Общ. загл.: Р. В. Иванов-Разумник. Казус "вечной революционности"
320 ## - ПРИМЕЧАНИЯ О НАЛИЧИИ В ДОКУМЕНТЕ БИБЛИОГРАФИИ / УКАЗАТЕЛЯ
Текст примечания Библиогр.: с. 187-192 и в подстроч. примеч.
461 #0 - УРОВЕНЬ НАБОРА
Встроенное поле 001RU\NLR\BIBL_A\012170864
-- 2001#$aР.В. Иванов-Разумник. Свой путь в иллюзионе самосознания$fТ.В. Агейчева$vКн. 1
-- 700#1$aАгейчева$bТ. В.$gТатьяна Владимировна$3RU\NLR\AUTH\770195723
Системный номер (АБИС) связанной записи 12240888
Автор Агейчева, Т. В.
Место публикации [Б. м.]
Дата публикации 2019
Первые сведения об ответственности Т.В. Агейчева
Имя издателя, распространителя и т.д. Издательские решения
Заглавие Р.В. Иванов-Разумник. Свой путь в иллюзионе самосознания
ISBN 9785005068262
Номер тома Кн. 1
517 1# - ДРУГИЕ ВАРИАНТЫ ЗАГЛАВИЯ
Вариант заглавия Р. В. Иванов-Разумник. Казус "вечной революционности"
942 ## - ДОПОЛНИТЕЛЬНЫЕ ЭЛЕМЕНТЫ ЗАПИСИ (АБИС)
Тип экземпляра АБИС Книга
980 ## - КОЛЛЕКЦИЯ
Название коллекции НБР
980 ## - КОЛЛЕКЦИЯ
Название коллекции Национальная библиография

Нет доступных экземпляров.